000 00248nam a2200097Ia 4500
008 230915s9999 xx 000 0 und d
050 _aH 62 .S343
100 _aSalda'na,Johnny
245 4 _aThe Coding Manual for Qualitative Researchers
942 _cBK
999 _c72646
_d72646